KAMUS dwibahasa : bahasa Inggeris - bahasa Malaysia
| Format: | Book |
|---|---|
| Published: |
Kuala Lumpur :
DBP ,
1985
|
| Subjects: |
MARC
| LEADER | 00000cam a2200000 7i4500 | ||
|---|---|---|---|
| 001 | 0000001945 | ||
| 005 | 20020712.0 | ||
| 090 | 0 | 0 | |a R499.23321 |b KAM 1985 |
| 245 | 0 | 0 | |a KAMUS dwibahasa : |b bahasa Inggeris - bahasa Malaysia |
| 260 | 0 | 0 | |a Kuala Lumpur : |b DBP , |c 1985 |
| 300 | |a xv, 1457 p. ; |c 22 cm. | ||
| 650 | 0 | 0 | |a English language |x Dictionaries |x Malay |
| 650 | 0 | 0 | |a Malay language |x Dictionaries |x English |
| 998 | |a JPSM | ||
| 999 | |a 0000000020 |b Monograph |c Reference |e Default branch | ||